| 000 | 00514 a2200169 4500 | ||
|---|---|---|---|
| 005 | 20250508090248.0 | ||
| 020 | _a0-07-234681-7 | ||
| 082 | _aLECT 510 BEN | ||
| 100 | _aBENNETT, A. B. | ||
| 245 | _aMathematics For Elementary Teachers | ||
| 250 | _a5th Ed. | ||
| 260 |
_aBoston, _bMcgraw-Hill, _c2001. |
||
| 300 |
_axii, 868p.: ill.; chart, figure, graph, picture. _bIndex. _c26cm. |
||
| 700 | _aNELSON, L. T. | ||
| 856 |
_yAccess Online Book _fMathematics For Elementary Teachers _dwww.mhhe.com |
||
| 942 |
_2ddc _cBKS |
||
| 999 |
_c2158 _d2158 |
||